[Event "HUN-ch Rapid"]
[Site "Ajka"]
[Date "2024.07.20"]
[Round "2"]
[White "Egri, Laszlo Jr"]
[Black "Vitiugov, Nikita"]
[Result "0-1"]
[WhiteElo "2243"]
[BlackElo "2678"]
[PlyCount "74"]
[EventDate "2024.07.20"]
[EventType "swiss (rapid)"]
[EventRounds "11"]
[EventCountry "HUN"]
[SourceTitle "CBM 221 Extra"]
[Source "ChessBase"]
[SourceDate "2024.09.30"]
[SourceVersion "1"]
[SourceVersionDate "2024.09.30"]
[SourceQuality "1"]

1. Nf3 Nf6 2. c4 g6 3. g3 b6 4. Bg2 Bb7 5. 0-0 Bg7 6. d4 0-0 7. Nc3 Ne4 8. Nxe4 Bxe4 9. Qb3 Nc6 10. d5 Na5 11. Qa4 c6 12. Nd2 Bxg2 13. Kxg2 cxd5 14. cxd5 Qc7 15. Rb1 Qb7 16. Qe4 f5 17. Qf3 Rac8 18. b4 Rc3 19. e3 Nc4 20. Nxc4 Rxc4 21. Bb2 Rxb4 22. Bxg7 Rxb1 23. Bxf8 Rxf1 24. Kxf1 Kxf8 25. g4 Qa6+ 26. Kg2 Qd3 27. gxf5 Qxf5 28. Qd1 Qe4+ 29. Kg3 h5 30. h3 d6 31. Kh2 Kf7 32. Qd2 a5 33. Kg3 a4 34. f3 Qe5+ 35. Kg2 a3 36. Qb4 Qb2+ 37. Kg3 Qxb4 0-1

[Event "HUN-ch Blitz"]
[Site "Ajka"]
[Date "2024.07.19"]
[Round "4"]
[White "Egri, Laszlo Jr"]
[Black "Medvegy, Zoltan"]
[Result "1/2-1/2"]
[WhiteElo "2243"]
[BlackElo "2507"]
[PlyCount "74"]
[EventDate "2024.07.19"]
[EventType "swiss (blitz)"]
[EventRounds "13"]
[EventCountry "HUN"]
[SourceTitle "CBM 221 Extra"]
[Source "ChessBase"]
[SourceDate "2024.09.30"]
[SourceVersion "1"]
[SourceVersionDate "2024.09.30"]
[SourceQuality "1"]

1. Nf3 Nf6 2. c4 e6 3. g3 b6 4. Bg2 Bb7 5. 0-0 Be7 6. d4 0-0 7. b3 c5 8. Bb2 cxd4 9. Qxd4 d6 10. Nbd2 Nbd7 11. Rac1 Qc7 12. Rfd1 Rac8 13. Qe3 Rfe8 14. Bh3 Bf8 15. Nd4 a6 16. Bg2 h6 17. Ne4 Qb8 18. Nxf6+ Nxf6 19. Bxb7 Qxb7 20. Nf3 Ne4 21. Rd4 f5 22. Rdd1 b5 23. cxb5 axb5 24. Rxc8 Rxc8 25. Rc1 Rxc1+ 26. Qxc1 d5 27. Qe3 b4 28. Nd4 Bc5 29. Qf4 Qb6 30. Qe5 Nc3 31. Nxe6 Qa7 32. Bxc3 bxc3 33. Qxd5 Bxf2+ 34. Kg2 Kh8 35. Qc4 Kh7 36. Nf8+ Kh8 37. Ng6+ Kh7 1/2-1/2

[Event "HUN-chT1 Charousek 2324"]
[Site "Hungary"]
[Date "2024.03.10"]
[Round "8.6"]
[White "Egri, Laszlo Jr"]
[Black "Glatt, Gabor"]
[Result "1/2-1/2"]
[WhiteElo "2227"]
[BlackElo "2193"]
[PlyCount "40"]
[EventDate "2023.10.08"]
[EventType "team-tourn"]
[EventRounds "11"]
[EventCountry "HUN"]
[SourceTitle "EXT 2025"]
[Source "ChessBase"]
[SourceDate "2024.10.14"]
[SourceVersion "1"]
[SourceVersionDate "2024.10.14"]
[SourceQuality "1"]
[WhiteTeam "Haladas Szombathely II"]
[BlackTeam "Balatonfuered"]
[WhiteTeamCountry "HUN"]
[BlackTeamCountry "HUN"]

1. Nf3 Nf6 2. c4 g6 3. g3 Bg7 4. Bg2 0-0 5. 0-0 d6 6. d4 Nbd7 7. Nc3 e5 8. h3 c6 9. e4 exd4 10. Nxd4 Qb6 11. Nc2 Ne8 12. Bd2 Ne5 13. b3 f5 14. Qe2 Nf6 15. Na4 Qc7 16. f4 Nf7 17. exf5 Bxf5 18. Bc3 Rae8 19. Qd2 Be4 20. Rae1 Bxg2 1/2-1/2

[Event "HUN-chT1 Charousek 2223"]
[Site "Hungary"]
[Date "2023.04.23"]
[Round "9.6"]
[White "Horvath, Tamas"]
[Black "Egri, Laszlo Jr"]
[Result "1/2-1/2"]
[WhiteElo "2090"]
[BlackElo "2239"]
[PlyCount "33"]
[EventDate "2022.11.20"]
[EventType "team-tourn"]
[EventRounds "9"]
[EventCountry "HUN"]
[SourceTitle "EXT 2025"]
[Source "ChessBase"]
[SourceDate "2024.10.14"]
[SourceVersion "1"]
[SourceVersionDate "2024.10.14"]
[SourceQuality "1"]
[WhiteTeam "Gyori Elektromos"]
[BlackTeam "Haladas II"]
[WhiteTeamCountry "HUN"]
[BlackTeamCountry "HUN"]

1. Nf3 c5 2. c4 Nf6 3. g3 d5 4. cxd5 Nxd5 5. Bg2 Nc6 6. d4 cxd4 7. Nxd4 Ndb4 8. Nxc6 Qxd1+ 9. Kxd1 Nxc6 10. Nc3 Bf5 11. Bxc6+ bxc6 12. Be3 e5 13. Rc1 Bb4 14. f3 0-0-0+ 15. Ke1 Kb7 16. Kf2 Ba5 17. Rhd1 1/2-1/2

[Event "HUN-chT1 Charousek 2223"]
[Site "Hungary"]
[Date "2023.02.19"]
[Round "6.5"]
[White "Schroter, Tamas"]
[Black "Egri, Laszlo Jr"]
[Result "1-0"]
[WhiteElo "2228"]
[BlackElo "2229"]
[PlyCount "69"]
[EventDate "2022.11.20"]
[EventType "team-tourn"]
[EventRounds "9"]
[EventCountry "HUN"]
[SourceTitle "EXT 2025"]
[Source "ChessBase"]
[SourceDate "2024.10.14"]
[SourceVersion "1"]
[SourceVersionDate "2024.10.14"]
[SourceQuality "1"]
[WhiteTeam "Csuti Hydro"]
[BlackTeam "Haladas II"]
[WhiteTeamCountry "HUN"]
[BlackTeamCountry "HUN"]

1. d4 Nf6 2. c4 c5 3. d5 e6 4. Nc3 exd5 5. cxd5 d6 6. e4 g6 7. f4 Bg7 8. Nf3 0-0 9. Bd3 b5 10. 0-0 b4 11. Nb1 c4 12. Bc2 Qb6+ 13. Kh1 Ng4 14. Qe1 Ba6 15. h3 c3 16. bxc3 Bxf1 17. hxg4 Ba6 18. Be3 Qc7 19. e5 dxe5 20. fxe5 Nd7 21. Bd4 bxc3 22. Nxc3 Nxe5 23. Qg3 f6 24. Bb3 Kh8 25. g5 Rae8 26. gxf6 Bxf6 27. Re1 Qg7 28. Nxe5 Qh6+ 29. Qh3 Qg7 30. Qg3 Qh6+ 31. Kg1 Rc8 32. d6 Qd2 33. Nxg6+ hxg6 34. Qh4+ Kg7 35. Re7+ 1-0

[Event "HUN-chT1 Charousek 2223"]
[Site "Hungary"]
[Date "2023.01.29"]
[Round "4.7"]
[White "Vass, Viktor"]
[Black "Egri, Laszlo Jr"]
[Result "0-1"]
[WhiteElo "2187"]
[BlackElo "2220"]
[PlyCount "66"]
[EventDate "2022.11.20"]
[EventType "team-tourn"]
[EventRounds "9"]
[EventCountry "HUN"]
[SourceTitle "EXT 2025"]
[Source "ChessBase"]
[SourceDate "2024.10.14"]
[SourceVersion "1"]
[SourceVersionDate "2024.10.14"]
[SourceQuality "1"]
[WhiteTeam "Sentimento Ajka BSK II"]
[BlackTeam "Haladas II"]
[WhiteTeamCountry "HUN"]
[BlackTeamCountry "HUN"]

1. e4 c5 2. Nf3 e6 3. Be2 a6 4. a4 Nf6 5. Nc3 d6 6. d4 cxd4 7. Nxd4 Be7 8. 0-0 0-0 9. f4 Nc6 10. Kh1 Qc7 11. Bf3 Bd7 12. Nb3 Rac8 13. a5 Nb4 14. Be3 e5 15. Bb6 Qb8 16. f5 d5 17. exd5 Bxf5 18. Rf2 Bd6 19. g4 Bg6 20. g5 Nd7 21. Ne4 Rc4 22. Nc3 Nxb6 23. axb6 Qd8 24. Nd2 Bxc2 25. Qf1 Rf4 26. Nde4 Bd3 27. Qh3 Qxb6 28. g6 fxg6 29. Qe6+ Kh8 30. Kg2 Bc7 31. Qe7 R4f7 32. Qh4 Bd8 33. Qg4 Nc2 0-1

[Event "HUN-chT2 Szechenyi 2122"]
[Site "Hungary"]
[Date "2021.10.31"]
[Round "2.2"]
[White "Joo, Gabor"]
[Black "Egri, Laszlo Jr"]
[Result "0-1"]
[WhiteElo "1973"]
[BlackElo "2239"]
[PlyCount "62"]
[EventDate "2021.10.10"]
[EventType "team-tourn"]
[EventRounds "9"]
[EventCountry "HUN"]
[SourceTitle "EXT 2025"]
[Source "ChessBase"]
[SourceDate "2024.10.14"]
[SourceVersion "1"]
[SourceVersionDate "2024.10.14"]
[SourceQuality "1"]
[WhiteTeam "Haladas III"]
[BlackTeam "Szechenyi ESE"]
[WhiteTeamCountry "HUN"]
[BlackTeamCountry "HUN"]

1. d4 Nf6 2. Nf3 c5 3. e3 g6 4. Bd3 Bg7 5. 0-0 0-0 6. b3 d5 7. Bb2 cxd4 8. exd4 Nc6 9. a3 Qc7 10. Nbd2 Nh5 11. g3 Bg4 12. Be2 Rac8 13. c4 dxc4 14. bxc4 Rfd8 15. Nb3 Qb6 16. Rb1 e6 17. Bc3 Qc7 18. Qd2 Nf6 19. Qe3 Ne7 20. Ne5 Nf5 21. Qd3 Bh3 22. Rfd1 h5 23. Rb2 b6 24. Bf3 Nd7 25. Nc6 Ne5 26. Nxe5 Bxe5 27. Be2 Bg7 28. c5 Ne7 29. Be1 Nd5 30. Bf3 Qe7 31. a4 bxc5 0-1

[Event "Mosonmagyarovar White Horse IM"]
[Site "Mosonmagyarovar"]
[Date "2021.10.01"]
[Round "9"]
[White "Aayush, Bhattacherjee"]
[Black "Egri, Laszlo Jr"]
[Result "1/2-1/2"]
[WhiteElo "2070"]
[BlackElo "2239"]
[PlyCount "91"]
[EventDate "2021.09.24"]
[EventType "tourn"]
[EventRounds "9"]
[EventCountry "HUN"]
[SourceTitle "CBM 204 Extra"]
[Source "ChessBase"]
[SourceDate "2021.11.30"]
[SourceVersion "1"]
[SourceVersionDate "2021.11.30"]
[SourceQuality "1"]

1. e4 d6 2. d4 Nf6 3. Nc3 c6 4. Nf3 Bg4 5. Be3 e6 6. h3 Bh5 7. Be2 Be7 8. 0-0 d5 9. exd5 Bxf3 10. Bxf3 cxd5 11. Qd3 Nc6 12. Qb5 Qc8 13. Ne2 a6 14. Qb3 0-0 15. c3 b5 16. Rac1 Qd7 17. a3 Na5 18. Qc2 Nc4 19. Bg5 a5 20. Nf4 h6 21. Bxf6 Bxf6 22. Nd3 Bg5 23. Rcd1 Qc7 24. Rfe1 Rfb8 25. Re2 Ra7 26. Rde1 Nd6 27. Nc5 b4 28. axb4 axb4 29. Qd3 bxc3 30. bxc3 Rba8 31. g3 Ra1 32. Kg2 Rxe1 33. Rxe1 Ra2 34. Qb1 Qa7 35. Qb4 Nc4 36. Re2 g6 37. Rxa2 Qxa2 38. Nd7 Qa3 39. Be2 Be7 40. Qb8+ Kg7 41. Bxc4 dxc4 42. Qe5+ Kg8 43. Qb8+ Kg7 44. Qe5+ Kg8 45. Qb8+ Kg7 46. Qe5+ 1/2-1/2

[Event "Mosonmagyarovar White Horse IM"]
[Site "Mosonmagyarovar"]
[Date "2021.09.26"]
[Round "3"]
[White "Egri, Laszlo Jr"]
[Black "Bokros, Albert"]
[Result "0-1"]
[WhiteElo "2239"]
[BlackElo "2453"]
[PlyCount "196"]
[EventDate "2021.09.24"]
[EventType "tourn"]
[EventRounds "9"]
[EventCountry "HUN"]
[SourceTitle "CBM 204 Extra"]
[Source "ChessBase"]
[SourceDate "2021.11.30"]
[SourceVersion "1"]
[SourceVersionDate "2021.11.30"]
[SourceQuality "1"]

1. Nf3 c5 2. c4 Nc6 3. Nc3 e5 4. g3 g6 5. Bg2 Bg7 6. 0-0 Nge7 7. d3 0-0 8. Ne1 d6 9. Nc2 Be6 10. Ne3 Rb8 11. Bd2 a6 12. a4 Nb4 13. Ncd5 Nec6 14. Nxb4 Nxb4 15. Bxb4 cxb4 16. Nd5 a5 17. Qd2 f5 18. f4 Kh8 19. Rae1 Qd7 20. b3 Rbe8 21. fxe5 Bxe5 22. d4 Bg7 23. e3 Qd8 24. Kh1 Bd7 25. Qf2 Bc6 26. Re2 Bh6 27. Rfe1 Re6 28. Nf4 Bxg2+ 29. Qxg2 Re4 30. Qh3 Kg7 31. Qg2 Rfe8 32. Nd5 Bg5 33. Qf3 h5 34. Rg1 Bh6 35. Rf1 Kh7 36. Rg1 Bg7 37. Rge1 Qg5 38. Nc7 Rh8 39. Nd5 Kg8 40. Rg1 Kf7 41. Nf4 Rhe8 42. Rge1 Qg4 43. Qg2 h4 44. gxh4 Qxg2+ 45. Kxg2 Rh8 46. h3 Rxh4 47. Nd3 Re8 48. Nf2 Rhh8 49. Kf3 Bf6 50. Rc1 Bh4 51. Nd3 Bg5 52. Nf2 Re7 53. Rg1 Bf6 54. Rd1 Kg7 55. Rc2 Rhe8 56. Rd3 Bg5 57. Nd1 Bh6 58. Rg2 b6 59. Rg1 Kf6 60. Re1 Bg5 61. Re2 Bh4 62. Rg2 Re4 63. Nb2 g5 64. Nd1 Rg8 65. Rdd2 Ke6 66. Rc2 g4+ 67. hxg4 Rexg4 68. Rxg4 fxg4+ 69. Ke4 g3 70. Rg2 Rf8 71. Rg1 Kd7 72. Kd3 Kc6 73. Ke4 Rf7 74. Kd3 Kd7 75. Ke4 Ke6 76. Kd3 Kf5 77. e4+ Kg6 78. Ke2 Rf4 79. Ke3 Kg5 80. e5 dxe5 81. dxe5 Kf5 82. Nb2 Re4+ 83. Kf3 Kxe5 84. Rd1 Rf4+ 85. Ke3 Kf5 86. Nd3 Re4+ 87. Kf3 Rd4 88. Ke3 Rd8 89. Kf3 Rg8 90. Rg1 Be7 91. Rg2 Bc5 92. Nc1 Ke5 93. Ne2 Bf2 94. Nc1 Kd4 95. Ke2 Kc3 96. Kd1 Rd8+ 97. Ke2 Kc2 98. Na2 Kxb3 0-1

[Event "HUN-chT2 Charousek 1718"]
[Site "Hungary"]
[Date "2018.03.25"]
[Round "8.9"]
[White "Palla, Gyorgy"]
[Black "Egri, Laszlo Jr"]
[Result "0-1"]
[WhiteElo "1980"]
[BlackElo "2236"]
[PlyCount "66"]
[EventDate "2017.10.29"]
[EventType "team-tourn"]
[EventRounds "9"]
[EventCountry "HUN"]
[SourceTitle "EXT 2020"]
[Source "ChessBase"]
[SourceDate "2019.10.17"]
[SourceVersion "1"]
[SourceVersionDate "2019.10.17"]
[SourceQuality "1"]
[WhiteTeam "Balatonfuered"]
[BlackTeam "Haladas Szombathely II"]
[WhiteTeamCountry "HUN"]
[BlackTeamCountry "HUN"]

1. Nf3 c5 2. c4 Nf6 3. g3 d5 4. cxd5 Nxd5 5. Bg2 Nc6 6. 0-0 Nc7 7. Nc3 e5 8. d3 Bd7 9. Bg5 f6 10. Bd2 Rc8 11. Rc1 b6 12. Nh4 Be7 13. Nf5 0-0 14. Nxe7+ Qxe7 15. Nd5 Nxd5 16. Bxd5+ Kh8 17. f4 exf4 18. Rxf4 Qe5 19. Be4 Qxb2 20. Rh4 f5 21. Bd5 Qe5 22. e4 fxe4 23. dxe4 Nd4 24. Bf4 Qe8 25. Rc4 Be6 26. Qd3 Qg6 27. Rc3 Rcd8 28. Qc4 Bxd5 29. exd5 Qe4 30. Qd3 Ne2+ 31. Kf2 Nxc3 32. Qxc3 Rxd5 33. Rg4 Qd4+ 0-1

[Event "HUN-chT2 Barcza 1718"]
[Site "Hungary"]
[Date "2017.10.08"]
[Round "2.2"]
[White "Egri, Laszlo Jr"]
[Black "Dovzik, Juri"]
[Result "1/2-1/2"]
[WhiteElo "2070"]
[BlackElo "2308"]
[PlyCount "59"]
[EventDate "2017.09.24"]
[EventType "team-tourn"]
[EventRounds "11"]
[EventCountry "HUN"]
[SourceTitle "EXT 2021"]
[Source "ChessBase"]
[SourceDate "2020.10.23"]
[SourceVersion "1"]
[SourceVersionDate "2020.10.23"]
[SourceQuality "1"]
[WhiteTeam "Bajnok Sakkiskola"]
[BlackTeam "Kazincbarcika"]
[WhiteTeamCountry "HUN"]
[BlackTeamCountry "HUN"]

1. e4 c5 2. c3 Nf6 3. e5 Nd5 4. d4 cxd4 5. cxd4 e6 6. Nf3 b6 7. Nc3 Nxc3 8. bxc3 Qc7 9. Bd2 Bb7 10. Bd3 d6 11. 0-0 Nd7 12. Re1 dxe5 13. Nxe5 Nxe5 14. Rxe5 Bd6 15. Bb5+ Ke7 16. Rh5 Bf4 17. Qc1 Bxd2 18. Qxd2 Rad8 19. Re1 h6 20. f4 a6 21. Bd3 g6 22. Rhe5 Rd6 23. f5 gxf5 24. Bxf5 Rg8 25. g3 Rg5 26. Qe3 Qc4 27. h4 Rg8 28. Re2 Kd8 29. Kh2 Kc7 30. Bd3 1/2-1/2

[Event "HUN-chT 1617"]
[Site "Hungary"]
[Date "2017.02.12"]
[Round "6.11"]
[White "Egri, Laszlo Jr"]
[Black "Videki, Sandor"]
[Result "0-1"]
[WhiteElo "2219"]
[BlackElo "2421"]
[PlyCount "128"]
[EventDate "2016.10.30"]
[EventType "team-tourn"]
[EventRounds "9"]
[EventCountry "HUN"]
[SourceTitle "EXT 2018"]
[Source "ChessBase"]
[SourceDate "2017.10.13"]
[SourceVersion "1"]
[SourceVersionDate "2017.10.13"]
[SourceQuality "1"]
[WhiteTeam "HVSE Infraplan"]
[BlackTeam "Paks"]
[WhiteTeamCountry "HUN"]
[BlackTeamCountry "HUN"]

1. d4 g6 2. e4 Bg7 3. Nf3 d6 4. Nc3 Nf6 5. Be3 0-0 6. Bd3 Bg4 7. h3 Bxf3 8. Qxf3 Nbd7 9. 0-0 c6 10. Qe2 e5 11. dxe5 dxe5 12. Rfd1 Qe7 13. a4 a5 14. b3 Nh5 15. Qd2 Rfd8 16. Ne2 Nf4 17. Rab1 Ne6 18. Qc3 Ndc5 19. Bxc5 Nxc5 20. Ng3 Rd4 21. Bc4 Nxe4 22. Nxe4 Rxe4 23. Re1 Rxe1+ 24. Rxe1 e4 25. Qd2 Kf8 26. Rd1 Be5 27. Qh6+ Kg8 28. Qd2 Kg7 29. Qd7 Re8 30. Kf1 Bc3 31. Ke2 f5 32. Rd6 Bb4 33. Rd1 Bc5 34. Qxe7+ Rxe7 35. Rd8 Bb4 36. g4 fxg4 37. hxg4 Kf6 38. f3 Kg5 39. Rh8 Bc5 40. fxe4 Rxe4+ 41. Kf3 Rf4+ 42. Ke2 h6 43. Re8 Kxg4 44. Re5 Bb4 45. Be6+ Kh4 46. Bc8 Rf7 47. Re3 b6 48. Kd3 Rc7 49. Be6 Re7 50. Rh3+ Kg5 51. Rg3+ Kf6 52. Bh3 h5 53. Bg2 Re6 54. Be4 Kg7 55. Bf5 Rf6 56. Bc8 Kh6 57. Ke4 g5 58. Rd3 g4 59. Rd7 Bc5 60. Ke5 Rf2 61. c4 g3 62. Rd8 g2 63. Rg8 g1Q 64. Rxg1 Re2+ 0-1

[Event "HUN-chT U18"]
[Site "Hajduboszormeny"]
[Date "2016.11.05"]
[Round "7.1"]
[White "Vetoshko, Volodymyr"]
[Black "Egri, Laszlo Jr"]
[Result "1-0"]
[WhiteElo "2491"]
[BlackElo "2239"]
[PlyCount "107"]
[EventDate "2016.11.02"]
[EventType "team-swiss"]
[EventRounds "8"]
[EventCountry "HUN"]
[SourceTitle "CBM 175 Extra"]
[Source "ChessBase"]
[SourceDate "2016.12.12"]
[SourceVersion "1"]
[SourceVersionDate "2016.12.12"]
[SourceQuality "1"]

1. e4 c5 2. Nf3 e6 3. d4 cxd4 4. Nxd4 Nf6 5. Nc3 Qb6 6. Nb3 Bb4 7. Bd3 d6 8. Bd2 0-0 9. 0-0 Bxc3 10. Bxc3 e5 11. Ba5 Qc6 12. Qe2 b6 13. Bd2 Bb7 14. f3 Nbd7 15. c4 Rac8 16. Be3 Nc5 17. Nd2 Rfd8 18. Rfc1 Ne6 19. Nb1 Nh5 20. g3 Nc5 21. Bc2 f5 22. Nc3 Nf6 23. Nd5 Nxd5 24. cxd5 Qd7 25. b4 Na4 26. Bd3 Rxc1+ 27. Rxc1 Rc8 28. Rxc8+ Qxc8 29. Qc2 Qxc2 30. Bxc2 Nc3 31. a4 b5 32. a5 a6 33. Bd2 Na4 34. Bxa4 bxa4 35. b5 axb5 36. Bb4 fxe4 37. fxe4 Kf7 38. Bxd6 Ke8 39. Kf2 Kd7 40. Bxe5 b4 41. Bxg7 a3 42. Bf8 a2 43. Bg7 Kd6 44. Bd4 Ba6 45. g4 Bc4 46. g5 Kc7 47. h4 Bb5 48. h5 Be8 49. g6 h6 50. a6 b3 51. d6+ Kc6 52. a7 Kb7 53. g7 Bf7 54. d7 1-0

[Event "HUN-ch U18"]
[Site "Balatonlelle"]
[Date "2016.06.28"]
[Round "5"]
[White "Juhasz, Armin"]
[Black "Egri, Laszlo Jr"]
[Result "1/2-1/2"]
[WhiteElo "2424"]
[BlackElo "2235"]
[PlyCount "111"]
[EventDate "2016.06.24"]
[EventType "swiss"]
[EventRounds "7"]
[EventCountry "HUN"]
[SourceTitle "CBM 173 Extra"]
[Source "ChessBase"]
[SourceDate "2016.08.29"]
[SourceVersion "1"]
[SourceVersionDate "2016.08.29"]
[SourceQuality "1"]

1. d4 d6 2. Nf3 Bg4 3. c4 Nd7 4. Nc3 e5 5. g3 c6 6. Bg2 Be7 7. 0-0 Qc7 8. d5 Ngf6 9. Be3 0-0 10. Rc1 c5 11. Nd2 a6 12. f3 Bh5 13. Bf2 Rab8 14. b3 Ne8 15. e4 Bg5 16. h4 Bxd2 17. Qxd2 h6 18. Be3 Bg6 19. Bh3 b5 20. cxb5 axb5 21. a4 b4 22. Nb5 Qb7 23. g4 Nb6 24. Qf2 Qa6 25. Ra1 Na8 26. Rfc1 Nac7 27. Bf1 Nxb5 28. axb5 Qb7 29. Ra6 Ra8 30. h5 Bh7 31. Rca1 Nc7 32. Rxa8 Rxa8 33. Rxa8+ Nxa8 34. g5 hxg5 35. Bxg5 f6 36. Be3 Nc7 37. Qa2 f5 38. Qg2 f4 39. Bf2 Nxb5 40. Qg5 Nd4 41. Bxd4 cxd4 42. Qd8+ Kf7 43. Bh3 Qe7 44. Be6+ Kf6 45. Qh8 Bxe4 46. fxe4 Kg5 47. h6 gxh6 48. Qg8+ Kf6 49. Kf1 Qc7 50. Qf8+ Kg6 51. Qf5+ Kg7 52. Qg4+ Kf6 53. Qf5+ Kg7 54. Qg4+ Kf6 55. Qh4+ Kg7 56. Qg4+ 1/2-1/2